000 00576nam a2200217Ia 4500
999 _c63358
_d63358
003 0100
005 20170510145511.0
008 130303s9999 xx 000 0 und d
040 _cARRUPELIB
050 _aDT433.545.K55L68
100 _aSmith, David Lovatt
_930750
245 _aKenya
245 _bthe Kikuyu and Mau Mau
260 _bMawenzi Books
_aEast Sussex
_c2005
300 _a359p.
300 _b 23 cm
650 _bTheology, Catholic-Addresses, Essays
_930751
650 _aKikuyu (African people)
_xHistory
_923033
650 _aKenya
_xHistory
_xMau Mau emergency
_930752
942 _2lcc
_01
_cMONOGRAPH